[Event "DESC SZ032 email"]
[Site "DESC email"]
[Date "2003.02.10"]
[Round "?"]
[White "Puechert, Wolfram"]
[Black "Hirscheider, Helmut"]
[Result "0-1"]
[WhiteElo "1876"]
[BlackElo "2140"]
[PlyCount "52"]
[EventDate "2003.??.??"]
[EventType "tourn (corr)"]
[EventRounds "12"]
[EventCountry "GER"]
[SourceTitle "Corr 2004"]
[Source "ChessBase"]
[SourceDate "2003.04.28"]
[SourceVersion "3"]
[SourceVersionDate "2003.04.28"]
[SourceQuality "1"]

1. e4 e5 2. Nf3 Nc6 3. d4 exd4 4. c3 dxc3 5. Nxc3 Bb4 6. Bc4 Bxc3+ 7. bxc3 d6 8. 0-0 Nf6 9. e5 Nxe5 10. Nxe5 dxe5 11. Qb3 Qe7 12. Ba3 c5 13. Bb5+ Kf8 14. f4 exf4 15. c4 g5 16. Bb2 Rg8 17. Rfe1 Ne4 18. Rad1 f5 19. Qh3 Rg6 20. Qf3 a6 21. Ba4 b5 22. Bb3 b4 23. Rd5 Be6 24. Re5 Rd8 25. Ba1 Qf7 26. Rd1 Rxd1+ 0-1

[Event "DESC F0015 email"]
[Site "DESC email"]
[Date "2002.05.01"]
[Round "1"]
[White "Leisebein, Peter"]
[Black "Puechert, Wolfram"]
[Result "1/2-1/2"]
[WhiteElo "2077"]
[BlackElo "1876"]
[PlyCount "36"]
[EventDate "2002.??.??"]
[EventType "tourn (corr)"]
[EventRounds "14"]
[EventCountry "GER"]
[SourceTitle "Corr 2004"]
[Source "ChessBase"]
[SourceDate "2003.04.28"]
[SourceVersion "3"]
[SourceVersionDate "2003.04.28"]
[SourceQuality "1"]

1. d4 f5 2. e4 fxe4 3. Nc3 Nf6 4. f3 exf3 5. Nxf3 g6 6. Bd3 Bg7 7. 0-0 0-0 8. Bf4 Nc6 9. d5 Nb4 10. Bc4 e6 11. Qd2 exd5 12. Nxd5 Nbxd5 13. Bxd5+ Kh8 14. Ng5 Qe7 15. c4 Nxd5 16. cxd5 d6 17. Rae1 Qd8 18. Be3 Kg8 1/2-1/2

[Event "DESC F0015 email"]
[Site "DESC email"]
[Date "2002.05.01"]
[Round "1"]
[White "Puechert, Wolfram"]
[Black "Berends, Hartwig"]
[Result "1/2-1/2"]
[WhiteElo "1876"]
[BlackElo "1927"]
[PlyCount "93"]
[EventDate "2002.??.??"]
[EventType "tourn (corr)"]
[EventRounds "14"]
[EventCountry "GER"]
[SourceTitle "Corr 2004"]
[Source "ChessBase"]
[SourceDate "2003.04.28"]
[SourceVersion "3"]
[SourceVersionDate "2003.04.28"]
[SourceQuality "1"]

1. e4 e5 2. Nf3 Nc6 3. d4 exd4 4. c3 dxc3 5. Nxc3 Bc5 6. Bc4 Nf6 7. e5 Ng4 8. Bxf7+ Kxf7 9. Ng5+ Kf8 10. Qxg4 Nxe5 11. Qe4 d6 12. 0-0 h6 13. Na4 hxg5 14. Nxc5 g4 15. Nxb7 Qh4 16. Bf4 Rb8 17. Nc5 Qh5 18. Rfd1 Bf5 19. Qa4 Ng6 20. Nb3 Bd7 21. Qd4 Nxf4 22. Qxf4+ Kg8 23. Qg3 Ba4 24. Rd4 Bxb3 25. axb3 Qh4 26. Rxa7 Qxg3 27. fxg3 Rxb3 28. Rxc7 Rxb2 29. h4 Kh7 30. Rxg4 Rg8 31. Rd4 Rd8 32. Rc6 d5 33. Rc5 Re8 34. Rcxd5 Ree2 35. Kh2 Rxg2+ 36. Kh3 Rh2+ 37. Kg4 Rb6 38. Rh5+ Rh6 39. Kg5 Rxh5+ 40. Kxh5 Re2 41. Rd5 Re6 42. g4 Rh6+ 43. Kg5 Rg6+ 44. Kf4 Rf6+ 45. Kg3 Rc6 46. h5 g6 47. hxg6+ 1/2-1/2

[Event "DESC SZ024 email"]
[Site "DESC email"]
[Date "2002.04.26"]
[Round "?"]
[White "Heyn, Ulrich"]
[Black "Puechert, Wolfram"]
[Result "1/2-1/2"]
[WhiteElo "1977"]
[BlackElo "1851"]
[PlyCount "56"]
[EventDate "2002.??.??"]
[EventType "tourn (corr)"]
[EventRounds "12"]
[EventCountry "GER"]
[SourceTitle "Corr 2004"]
[Source "ChessBase"]
[SourceDate "2003.04.28"]
[SourceVersion "3"]
[SourceVersionDate "2003.04.28"]
[SourceQuality "1"]

1. c4 e5 2. Nc3 Nf6 3. g3 d5 4. cxd5 Nxd5 5. Bg2 Nxc3 6. bxc3 Bd6 7. Nf3 0-0 8. 0-0 Nc6 9. Rb1 Rb8 10. d3 Bd7 11. Be3 a6 12. Ng5 Qe7 13. Ne4 b5 14. a4 bxa4 15. Qxa4 Rxb1 16. Rxb1 Rb8 17. Rxb8+ Nxb8 18. Qb3 Qf8 19. Nxd6 cxd6 20. Qb7 Qe8 21. Qa8 Kf8 22. Qd5 Ke7 23. Qe4 h6 24. d4 Bc6 25. d5 Bb7 26. Qh4+ f6 27. Qc4 Qc8 28. Qd3 Kf7 1/2-1/2

[Event "DESC SZ024 email"]
[Site "DESC email"]
[Date "2002.04.26"]
[Round "?"]
[White "Puechert, Wolfram"]
[Black "Rau, Johann"]
[Result "0-1"]
[WhiteElo "1851"]
[BlackElo "2165"]
[PlyCount "84"]
[EventDate "2002.??.??"]
[EventType "tourn (corr)"]
[EventRounds "12"]
[EventCountry "GER"]
[SourceTitle "Corr 2004"]
[Source "ChessBase"]
[SourceDate "2003.04.28"]
[SourceVersion "3"]
[SourceVersionDate "2003.04.28"]
[SourceQuality "1"]

1. e4 e5 2. Nf3 Nc6 3. d4 exd4 4. c3 dxc3 5. Nxc3 Bb4 6. Bc4 Nge7 7. Qc2 0-0 8. 0-0 d6 9. a3 Bc5 10. Bg5 h6 11. Bh4 a6 12. b4 Ba7 13. Rad1 Bg4 14. Qd3 Qc8 15. Bg3 Ng6 16. Nd5 Re8 17. Rc1 Qd7 18. Rfe1 Bxf3 19. Qxf3 Nce5 20. Bxe5 Nxe5 21. Qg3 Ng4 22. Re2 c6 23. Nc3 d5 24. Rd1 a5 25. b5 Rad8 26. h3 Ne5 27. bxc6 bxc6 28. Ba6 d4 29. Red2 Rb8 30. Ne2 c5 31. Nf4 Qc6 32. Nh5 g6 33. f4 Nd7 34. Bc4 Nb6 35. Ba2 c4 36. e5 Nd7 37. Rc1 c3 38. Rdd1 Kf8 39. e6 gxh5 40. exd7 Qxd7 41. Qf3 Rb2 42. Bc4 c2 0-1

[Event "DESC SZ024 email"]
[Site "DESC email"]
[Date "2002.04.26"]
[Round "?"]
[White "Puechert, Wolfram"]
[Black "Riepe, Bernhard"]
[Result "0-1"]
[WhiteElo "1851"]
[BlackElo "2019"]
[PlyCount "36"]
[EventDate "2002.??.??"]
[EventType "tourn (corr)"]
[EventRounds "12"]
[EventCountry "GER"]
[SourceTitle "Corr 2004"]
[Source "ChessBase"]
[SourceDate "2003.04.28"]
[SourceVersion "3"]
[SourceVersionDate "2003.04.28"]
[SourceQuality "1"]

1. e4 c5 2. Nf3 d6 3. d4 Nf6 4. Nc3 cxd4 5. Nxd4 Bd7 6. Bg5 e6 7. Qd2 a6 8. Be2 Be7 9. 0-0 Qc7 10. Rad1 0-0 11. Rfe1 h6 12. Be3 Rd8 13. f4 Nc6 14. f5 exf5 15. Nxf5 Bxf5 16. exf5 d5 17. Bf4 Qb6+ 18. Kh1 Bb4 0-1

[Event "DESC SZ024 email"]
[Site "DESC email"]
[Date "2002.04.26"]
[Round "?"]
[White "Ratzmann, Stefan"]
[Black "Puechert, Wolfram"]
[Result "1-0"]
[WhiteElo "2151"]
[BlackElo "1851"]
[PlyCount "45"]
[EventDate "2002.??.??"]
[EventType "tourn (corr)"]
[EventRounds "12"]
[EventCountry "GER"]
[SourceTitle "Corr 2004"]
[Source "ChessBase"]
[SourceDate "2003.04.28"]
[SourceVersion "3"]
[SourceVersionDate "2003.04.28"]
[SourceQuality "1"]

1. e4 e5 2. Nf3 Nf6 3. Nxe5 d6 4. Nxf7 Kxf7 5. d4 Bg4 6. Be2 Bxe2 7. Qxe2 Be7 8. Nc3 c6 9. e5 dxe5 10. dxe5 Nd5 11. e6+ Ke8 12. Bd2 Qb6 13. 0-0-0 Bf6 14. Qh5+ g6 15. Qf3 Rf8 16. Qh3 Bxc3 17. Bxc3 Qc7 18. Rhe1 Rxf2 19. Bd4 Rf5 20. g4 Rf8 21. Be5 Qe7 22. c4 Nf4 23. Qh6 1-0

[Event "DESC SZ024 email"]
[Site "DESC email"]
[Date "2002.04.18"]
[Round "?"]
[White "Puechert, Wolfram"]
[Black "Ratzmann, Stefan"]
[Result "1/2-1/2"]
[WhiteElo "1851"]
[BlackElo "2151"]
[PlyCount "60"]
[EventDate "2002.??.??"]
[EventType "tourn (corr)"]
[EventRounds "12"]
[EventCountry "GER"]
[SourceTitle "Corr 2004"]
[Source "ChessBase"]
[SourceDate "2003.04.28"]
[SourceVersion "3"]
[SourceVersionDate "2003.04.28"]
[SourceQuality "1"]

1. e4 d5 2. exd5 Qxd5 3. Nc3 Qa5 4. h3 Nf6 5. Nf3 c6 6. a3 Bf5 7. b4 Qc7 8. Bb2 Nbd7 9. Bc4 e6 10. 0-0 Bd6 11. Re1 0-0 12. Nh4 Rfe8 13. Bb3 a5 14. Nxf5 exf5 15. Qf3 axb4 16. axb4 Rxa1 17. Rxa1 Bxb4 18. Qxf5 Bd6 19. g3 b5 20. d3 Be5 21. Re1 Qb8 22. Kg2 c5 23. Ba1 Qa8+ 24. Qf3 Qa5 25. Bb2 c4 26. dxc4 bxc4 27. Bxc4 Rc8 28. Rxe5 Nxe5 29. Qb7 Qd8 30. Bb3 Nc4 1/2-1/2

[Event "DESC-ch 2002 email"]
[Site "DESC email"]
[Date "2002.01.07"]
[Round "1.19"]
[White "Puechert, Wolfram"]
[Black "Herbertz Stoll, Rolf"]
[Result "1/2-1/2"]
[WhiteElo "1884"]
[BlackElo "1809"]
[PlyCount "82"]
[EventDate "2002.??.??"]
[EventType "swiss (corr)"]
[EventRounds "10"]
[EventCountry "GER"]
[SourceTitle "Corr 2004"]
[Source "ChessBase"]
[SourceDate "2003.04.28"]
[SourceVersion "3"]
[SourceVersionDate "2003.04.28"]
[SourceQuality "1"]

1. e4 d5 2. exd5 Nf6 3. Nc3 Nxd5 4. Bc4 e6 5. Nf3 Be7 6. 0-0 0-0 7. Re1 Nc6 8. Nxd5 exd5 9. Bb5 Bg4 10. c3 Re8 11. d4 Bd6 12. Bg5 Rxe1+ 13. Qxe1 f6 14. Bd2 Bxf3 15. Qe6+ Kh8 16. gxf3 Qg8 17. Qxg8+ Kxg8 18. Re1 a6 19. Ba4 Kf8 20. Bc2 Ne7 21. Kg2 Re8 22. h3 g6 23. f4 f5 24. Be3 Ng8 25. Kf3 Nf6 26. Bd3 c6 27. a3 Kf7 28. c4 dxc4 29. Bxc4+ Nd5 30. b4 Kf6 31. Bb3 Re7 32. Rc1 Ke6 33. Ba2 Bc7 34. a4 Bb6 35. b5 cxb5 36. axb5 a5 37. Rc8 Kd7 38. Rc1 Kd6 39. Rc8 Rd7 40. Bb3 Rd8 41. Rc1 Nc7 1/2-1/2

[Event "DESC-ch 2002 email"]
[Site "DESC email"]
[Date "2002.01.07"]
[Round "1.19"]
[White "Zedtler, Uwe"]
[Black "Puechert, Wolfram"]
[Result "0-1"]
[WhiteElo "2047"]
[BlackElo "1884"]
[PlyCount "29"]
[EventDate "2002.??.??"]
[EventType "swiss (corr)"]
[EventRounds "10"]
[EventCountry "GER"]
[SourceTitle "Corr 2004"]
[Source "ChessBase"]
[SourceDate "2003.04.28"]
[SourceVersion "3"]
[SourceVersionDate "2003.04.28"]
[SourceQuality "1"]

1. e4 e5 2. Nf3 Nf6 3. Nc3 Bb4 4. Nxe5 0-0 5. Nd3 Bxc3 6. dxc3 Nxe4 7. Be3 d6 8. Qf3 Nf6 9. Be2 Nc6 10. Bg5 Re8 11. Bxf6 Qxf6 12. Qxf6 gxf6 13. Kd2 Ne5 14. Nf4 Be6 15. Nh5 0-1

[Event "DESC A7Kl010 email"]
[Site "DESC email"]
[Date "2002.??.??"]
[Round "?"]
[White "Bruening, Ralf"]
[Black "Puechert, Wolfram"]
[Result "1-0"]
[WhiteElo "2032"]
[BlackElo "1863"]
[PlyCount "51"]
[EventDate "2002.??.??"]
[EventType "tourn (corr)"]
[EventRounds "6"]
[EventCountry "GER"]
[SourceTitle "Corr 2004"]
[Source "ChessBase"]
[SourceDate "2003.04.28"]
[SourceVersion "3"]
[SourceVersionDate "2003.04.28"]
[SourceQuality "1"]

1. e4 e5 2. Nf3 Nf6 3. Nxe5 d6 4. Nxf7 Kxf7 5. d4 Bg4 6. f3 Bc8 7. Nc3 g6 8. Bc4+ Kg7 9. Be3 Qe7 10. 0-0 Be6 11. Bxe6 Qxe6 12. d5 Qd7 13. f4 c6 14. Bd4 c5 15. Bxf6+ Kxf6 16. e5+ Ke7 17. e6 Qe8 18. f5 gxf5 19. Rxf5 Kd8 20. Qd2 Be7 21. Raf1 Qg6 22. Rf7 a6 23. Na4 Rg8 24. Nb6 Ra7 25. Rxe7 Kxe7 26. Rf7+ 1-0

[Event "DESC-ch email"]
[Site "DESC email"]
[Date "2002.??.??"]
[Round "2.13"]
[White "Puechert, Wolfram"]
[Black "Fritsche, Frank"]
[Result "0-1"]
[WhiteElo "1896"]
[BlackElo "2252"]
[PlyCount "56"]
[EventDate "2001.??.??"]
[EventType "team (corr)"]
[EventRounds "3"]
[EventCountry "GER"]
[SourceTitle "Corr 2008"]
[Source "ChessBase"]
[SourceDate "2008.06.24"]
[SourceVersion "1"]
[SourceVersionDate "2008.06.24"]
[SourceQuality "1"]

1. e4 c5 2. Nf3 Nc6 3. d4 cxd4 4. Nxd4 Nf6 5. Nc3 e5 6. Ndb5 d6 7. Bg5 a6 8. Na3 b5 9. Bxf6 gxf6 10. Nd5 Bg7 11. c4 f5 12. Bd3 0-0 13. 0-0 bxc4 14. Nxc4 Be6 15. Nde3 f4 16. Nd5 Nd4 17. f3 f5 18. Qa4 fxe4 19. Bxe4 Kh8 20. Rf2 Rc8 21. Qxa6 Rc6 22. Qa4 Bxd5 23. Bxd5 Rc5 24. Bb7 d5 25. Ba6 dxc4 26. Bxc4 e4 27. fxe4 f3 28. Bf1 Nc2 0-1

[Event "DESC A7Kl014 email"]
[Site "DESC email"]
[Date "2002.??.??"]
[Round "?"]
[White "Puechert, Wolfram"]
[Black "Kleinsorgen, Horst M"]
[Result "1/2-1/2"]
[WhiteElo "1875"]
[BlackElo "1971"]
[PlyCount "58"]
[EventDate "2002.??.??"]
[EventType "tourn (corr)"]
[EventRounds "6"]
[EventCountry "GER"]
[SourceTitle "Corr 2004"]
[Source "ChessBase"]
[SourceDate "2003.04.28"]
[SourceVersion "3"]
[SourceVersionDate "2003.04.28"]
[SourceQuality "1"]

1. e4 g6 2. d4 Bg7 3. Nf3 d6 4. c3 Nd7 5. Nbd2 e5 6. Bc4 Ngf6 7. 0-0 exd4 8. cxd4 d5 9. Bb3 dxe4 10. Ng5 0-0 11. Ndxe4 h6 12. Nxf6+ Nxf6 13. Nf3 Nd5 14. Re1 c6 15. Be3 Be6 16. Qd2 Kh7 17. Rac1 Re8 18. Bc2 Qd6 19. a3 Re7 20. Ne5 Rd8 21. Nc4 Qc7 22. Ne5 Qb6 23. Nc4 Qb5 24. Bd3 Nxe3 25. fxe3 Qg5 26. b4 Bxc4 27. Rxc4 f5 28. Qf2 h5 29. h4 Qh6 1/2-1/2

[Event "DESC A7Kl010 email"]
[Site "DESC email"]
[Date "2002.??.??"]
[Round "?"]
[White "Puechert, Wolfram"]
[Black "Schulz, Hans Juergen"]
[Result "1/2-1/2"]
[WhiteElo "1863"]
[BlackElo "1888"]
[PlyCount "42"]
[EventDate "2002.??.??"]
[EventType "tourn (corr)"]
[EventRounds "6"]
[EventCountry "GER"]
[SourceTitle "Corr 2004"]
[Source "ChessBase"]
[SourceDate "2003.04.28"]
[SourceVersion "3"]
[SourceVersionDate "2003.04.28"]
[SourceQuality "1"]

1. e4 d6 2. d4 Nf6 3. Nc3 g6 4. Nf3 Bg7 5. Be3 c6 6. Be2 Nbd7 7. 0-0 0-0 8. Qd2 b5 9. a3 Re8 10. h3 Qc7 11. Bh6 Bh8 12. Rfe1 a6 13. e5 dxe5 14. dxe5 Nd5 15. Nxd5 cxd5 16. Qxd5 Bb7 17. Qb3 Nxe5 18. Nxe5 Qxe5 19. Bf3 Qc7 20. Bxb7 Qxb7 21. Rad1 Red8 1/2-1/2

[Event "DESC A7Kl014 email"]
[Site "DESC email"]
[Date "2002.??.??"]
[Round "?"]
[White "Puechert, Wolfram"]
[Black "Wittal, Werner"]
[Result "1/2-1/2"]
[WhiteElo "1875"]
[BlackElo "1886"]
[PlyCount "31"]
[EventDate "2002.??.??"]
[EventType "tourn (corr)"]
[EventRounds "6"]
[EventCountry "GER"]
[SourceTitle "Corr 2004"]
[Source "ChessBase"]
[SourceDate "2003.04.28"]
[SourceVersion "3"]
[SourceVersionDate "2003.04.28"]
[SourceQuality "1"]

1. e4 c6 2. Nc3 d5 3. exd5 cxd5 4. d4 Nc6 5. Nf3 Bg4 6. Be2 e6 7. 0-0 Nf6 8. h3 Bh5 9. Bg5 Be7 10. Re1 0-0 11. Qd2 h6 12. Bxf6 Bxf6 13. Ne5 Bxe2 14. Nxc6 bxc6 15. Nxe2 Qd6 16. c3 1/2-1/2

[Event "DESC A7Kl010 email"]
[Site "DESC email"]
[Date "2002.??.??"]
[Round "?"]
[White "Riepe, Bernhard"]
[Black "Puechert, Wolfram"]
[Result "1-0"]
[WhiteElo "2030"]
[BlackElo "1863"]
[PlyCount "81"]
[EventDate "2002.??.??"]
[EventType "tourn (corr)"]
[EventRounds "6"]
[EventCountry "GER"]
[SourceTitle "Corr 2004"]
[Source "ChessBase"]
[SourceDate "2003.04.28"]
[SourceVersion "3"]
[SourceVersionDate "2003.04.28"]
[SourceQuality "1"]

1. d4 f5 2. g3 c6 3. Bg2 Nf6 4. Nf3 e6 5. 0-0 Be7 6. c4 0-0 7. Nbd2 d5 8. b3 c5 9. cxd5 Nxd5 10. Bb2 cxd4 11. Nxd4 e5 12. Nxf5 Bxf5 13. e4 Be6 14. exd5 Bxd5 15. Bxd5+ Qxd5 16. Nc4 Qxd1 17. Raxd1 Nc6 18. Rd7 Bc5 19. Rxb7 Bd4 20. Ba3 Rf7 21. Rxf7 Kxf7 22. Rd1 Ke6 23. Kg2 Rd8 24. Kf3 h5 25. Ke4 g5 26. f3 Rd7 27. Bb2 Rd8 28. Ba3 Rd7 29. Rd2 Rd8 30. h3 Rd7 31. Ne3 Bxe3 32. Rxd7 Kxd7 33. Kxe3 Ke6 34. Ke4 Nd8 35. Bc5 Nc6 36. g4 hxg4 37. hxg4 a6 38. Be3 Kf6 39. Bd2 Ne7 40. a4 Nc6 41. b4 1-0

[Event "DESC F0014 email"]
[Site "DESC email"]
[Date "2001.12.30"]
[Round "1"]
[White "Noack, Mario"]
[Black "Puechert, Wolfram"]
[Result "1-0"]
[WhiteElo "2149"]
[BlackElo "1894"]
[PlyCount "55"]
[EventDate "2001.??.??"]
[EventType "tourn (corr)"]
[EventRounds "14"]
[EventCountry "GER"]
[SourceTitle "Corr 2004"]
[Source "ChessBase"]
[SourceDate "2003.04.28"]
[SourceVersion "3"]
[SourceVersionDate "2003.04.28"]
[SourceQuality "1"]

1. d4 f5 2. g3 Nf6 3. Bg2 g6 4. Nf3 Bg7 5. 0-0 0-0 6. b3 d6 7. Bb2 c6 8. c4 b5 9. cxb5 cxb5 10. d5 Na6 11. Nd4 Nc7 12. Nc6 Qd7 13. a4 bxa4 14. Rxa4 Bb7 15. Rb4 Bxc6 16. dxc6 Qe6 17. Rb7 Rfc8 18. b4 a6 19. Nc3 Rab8 20. Qd4 Nfe8 21. Qd2 Rxb7 22. cxb7 Rb8 23. b5 axb5 24. Nxb5 Bxb2 25. Nxc7 Nxc7 26. Qxb2 Qd7 27. Rc1 e6 28. Qb6 1-0

[Event "DESC F0014 email"]
[Site "DESC email"]
[Date "2001.12.30"]
[Round "1"]
[White "Puechert, Wolfram"]
[Black "Daus, Peter"]
[Result "0-1"]
[WhiteElo "1894"]
[BlackElo "2077"]
[PlyCount "66"]
[EventDate "2001.??.??"]
[EventType "tourn (corr)"]
[EventRounds "14"]
[EventCountry "GER"]
[SourceTitle "Corr 2004"]
[Source "ChessBase"]
[SourceDate "2003.04.28"]
[SourceVersion "3"]
[SourceVersionDate "2003.04.28"]
[SourceQuality "1"]

1. e4 e5 2. Nf3 Nc6 3. d4 exd4 4. c3 d5 5. exd5 Qxd5 6. cxd4 Bg4 7. Nc3 Bxf3 8. Nxd5 Bxd1 9. Nxc7+ Kd7 10. Nxa8 Bh5 11. d5 Nd4 12. Bd3 Bg6 13. Bxg6 hxg6 14. Be3 Nc2+ 15. Kd2 Nxe3 16. Kxe3 Nf6 17. Rac1 Bd6 18. Kd4 Rxa8 19. f3 Rh8 20. Rcd1 Bxh2 21. g4 g5 22. Kd3 Rh4 23. Kc4 Kd6 24. Rd3 Bf4 25. Rhd1 Rh2 26. Rb3 b6 27. Kb5 Nd7 28. Ra3 Rxb2+ 29. Ka6 Bd2 30. Kxa7 Bb4 31. Ra6 Ba5 32. Ka8 Re2 33. Rc1 Nc5 0-1

[Event "DESC F0014 email"]
[Site "DESC email"]
[Date "2001.12.30"]
[Round "1"]
[White "Puechert, Wolfram"]
[Black "Kroll, Horst Uwe"]
[Result "1-0"]
[WhiteElo "1894"]
[BlackElo "1662"]
[PlyCount "35"]
[EventDate "2001.??.??"]
[EventType "tourn (corr)"]
[EventRounds "14"]
[EventCountry "GER"]
[SourceTitle "Corr 2004"]
[Source "ChessBase"]
[SourceDate "2003.04.28"]
[SourceVersion "3"]
[SourceVersionDate "2003.04.28"]
[SourceQuality "1"]

1. e4 e5 2. Nf3 Nf6 3. d4 exd4 4. c3 dxc3 5. Nxc3 Nc6 6. Bc4 Bc5 7. e5 Ng8 8. Bg5 f6 9. exf6 Nxf6 10. 0-0 d5 11. Re1+ Be7 12. Nxd5 Nxd5 13. Bxd5 Bd7 14. Nd4 Nxd4 15. Qxd4 c5 16. Qxg7 Rf8 17. Rxe7+ Qxe7 18. Qxe7# 1-0

[Event "DESC F0014 email"]
[Site "DESC email"]
[Date "2001.12.30"]
[Round "1"]
[White "Puechert, Wolfram"]
[Black "Leisebein, Peter"]
[Result "0-1"]
[WhiteElo "1894"]
[BlackElo "2151"]
[PlyCount "72"]
[EventDate "2001.??.??"]
[EventType "tourn (corr)"]
[EventRounds "14"]
[EventCountry "GER"]
[SourceTitle "Corr 2004"]
[Source "ChessBase"]
[SourceDate "2003.04.28"]
[SourceVersion "3"]
[SourceVersionDate "2003.04.28"]
[SourceQuality "1"]

1. e4 e5 2. Nf3 Nc6 3. d4 exd4 4. c3 dxc3 5. Nxc3 Bb4 6. Bc4 d6 7. 0-0 Bxc3 8. bxc3 Bg4 9. Qb3 Bxf3 10. Bxf7+ Kf8 11. gxf3 Ne5 12. Bxg8 Rxg8 13. f4 Nf3+ 14. Kg2 Nh4+ 15. Kh1 Qd7 16. f5 Qc6 17. f3 Re8 18. Qc2 g5 19. Qf2 h6 20. Qd4 Re5 21. Rb1 g4 22. Bxh6+ Kf7 23. Rb4 Nxf3 24. Qc4+ d5 25. Qxc6 bxc6 26. Rb7 dxe4 27. Rxa7 Kf6 28. Bf4 Rxf5 29. Bg3 e3 30. Rxc7 e2 31. Rxc6+ Kg5 32. Rb1 Rd8 33. Kg2 Rd1 34. Re6 e1Q 35. Rxe1 Nxe1+ 36. Bxe1 Rxb1 0-1

[Event "DESC F0014 email"]
[Site "DESC email"]
[Date "2001.12.30"]
[Round "1"]
[White "Puechert, Wolfram"]
[Black "Markus, Roland"]
[Result "0-1"]
[WhiteElo "1894"]
[BlackElo "2103"]
[PlyCount "82"]
[EventDate "2001.??.??"]
[EventType "tourn (corr)"]
[EventRounds "14"]
[EventCountry "GER"]
[SourceTitle "Corr 2004"]
[Source "ChessBase"]
[SourceDate "2003.04.28"]
[SourceVersion "3"]
[SourceVersionDate "2003.04.28"]
[SourceQuality "1"]

1. e4 c6 2. f4 d5 3. exd5 cxd5 4. Nf3 Bf5 5. c4 Nc6 6. Qb3 Nf6 7. cxd5 Nxd5 8. Bc4 e6 9. Qxb7 Ndb4 10. Bb5 Qc8 11. Qxc8+ Rxc8 12. Na3 Nd3+ 13. Kf1 Bc5 14. Nc4 Ndb4 15. Nce5 0-0 16. a3 Nc2 17. Nxc6 Nxa1 18. b4 Bd6 19. Nfd4 Be4 20. Bb2 Nc2 21. Nxc2 Bxc6 22. Bxc6 Rxc6 23. Nd4 Rb6 24. g3 a5 25. b5 e5 26. fxe5 Bxe5 27. Bc3 Bxd4 28. Bxd4 Rxb5 29. Kf2 Re8 30. Rc1 f6 31. Rc5 Rxc5 32. Bxc5 Kf7 33. d4 Ke6 34. Bb6 a4 35. Kf3 h5 36. Bc5 g5 37. h3 f5 38. Kf2 Rb8 39. Kf3 Rb2 40. h4 g4+ 41. Ke3 Kd5 0-1

[Event "DESC F0014 email"]
[Site "DESC email"]
[Date "2001.12.30"]
[Round "1"]
[White "Puechert, Wolfram"]
[Black "Von Rosenberg, Clemens"]
[Result "1-0"]
[WhiteElo "1894"]
[BlackElo "1688"]
[PlyCount "49"]
[EventDate "2001.??.??"]
[EventType "tourn (corr)"]
[EventRounds "14"]
[EventCountry "GER"]
[SourceTitle "Corr 2004"]
[Source "ChessBase"]
[SourceDate "2003.04.28"]
[SourceVersion "3"]
[SourceVersionDate "2003.04.28"]
[SourceQuality "1"]

1. e4 c5 2. d4 cxd4 3. c3 dxc3 4. Nxc3 e6 5. Bb5 a6 6. Ba4 Qc7 7. Be3 Nf6 8. Rc1 Nc6 9. Nge2 b5 10. Bc2 Be7 11. 0-0 Bb7 12. a3 0-0 13. h3 Na5 14. Bf4 d6 15. b3 Nc6 16. Nd5 exd5 17. exd5 Nxd5 18. Qxd5 g6 19. Be4 Rfc8 20. Nd4 Nxd4 21. Qxd4 Qb8 22. Bh6 Bf8 23. Rxc8 Qxc8 24. Bxf8 Kxf8 25. Qh8+ 1-0

[Event "DESC F0013 email"]
[Site "DESC email"]
[Date "2001.10.23"]
[Round "1"]
[White "Bechler, Falk Michael"]
[Black "Puechert, Wolfram"]
[Result "1/2-1/2"]
[WhiteElo "1864"]
[BlackElo "1875"]
[PlyCount "48"]
[EventDate "2001.??.??"]
[EventType "tourn (corr)"]
[EventRounds "14"]
[EventCountry "GER"]
[SourceTitle "Corr 2004"]
[Source "ChessBase"]
[SourceDate "2003.04.28"]
[SourceVersion "3"]
[SourceVersionDate "2003.04.28"]
[SourceQuality "1"]

1. e4 e5 2. Nf3 Nf6 3. d4 exd4 4. e5 Ne4 5. Qxd4 d5 6. exd6 Nxd6 7. Nc3 Nc6 8. Qf4 g6 9. Bb5 Nxb5 10. Nxb5 Bb4+ 11. c3 Ba5 12. Be3 0-0 13. 0-0 Re8 14. Rad1 Qe7 15. b4 a6 16. Bc5 Qe4 17. Qh6 Qg4 18. Nbd4 Bb6 19. Bxb6 cxb6 20. Rfe1 Bd7 21. h3 Qh5 22. Qxh5 gxh5 23. Ne2 Be6 24. a3 b5 1/2-1/2

[Event "DESC F0013 email"]
[Site "DESC email"]
[Date "2001.10.23"]
[Round "1"]
[White "Engl, Heinz"]
[Black "Puechert, Wolfram"]
[Result "1-0"]
[WhiteElo "2060"]
[BlackElo "1875"]
[PlyCount "89"]
[EventDate "2001.??.??"]
[EventType "tourn (corr)"]
[EventRounds "14"]
[EventCountry "GER"]
[SourceTitle "Corr 2004"]
[Source "ChessBase"]
[SourceDate "2003.04.28"]
[SourceVersion "3"]
[SourceVersionDate "2003.04.28"]
[SourceQuality "1"]

1. e4 e5 2. Nf3 Nf6 3. Nc3 Nc6 4. Bb5 Bb4 5. 0-0 0-0 6. d3 d6 7. Bg5 Bxc3 8. bxc3 Qe7 9. Re1 Nd8 10. d4 Ne6 11. Bc1 c5 12. Bf1 Nc7 13. a4 Bg4 14. h3 Bh5 15. g4 Bg6 16. Nh4 Rae8 17. g5 Nh5 18. Nf5 Qe6 19. d5 Qd7 20. Qg4 Kh8 21. Bb5 Nxb5 22. axb5 Ra8 23. c4 f6 24. Nh4 Qxg4+ 25. hxg4 Nf4 26. Bxf4 exf4 27. gxf6 gxf6 28. Kg2 a5 29. bxa6 Rxa6 30. Kf3 Rfa8 31. Rxa6 Rxa6 32. Rb1 Ra4 33. Rxb7 Rxc4 34. Nxg6+ hxg6 35. g5 fxg5 36. e5 dxe5 37. d6 e4+ 38. Kg4 Rxc2 39. d7 Rd2 40. Rb8+ Kg7 41. d8Q Rxd8 42. Rxd8 Kf6 43. Re8 e3 44. fxe3 fxe3 45. Rxe3 1-0